MARC details
| 000 -LEADER |
| fixed length control field |
01721nam a2200409 i 4500 |
| 001 - CONTROL NUMBER |
| control field |
sky303788049 |
| 003 - CONTROL NUMBER IDENTIFIER |
| control field |
SKY |
| 005 - DATE AND TIME OF LATEST TRANSACTION |
| control field |
20240103181942.0 |
| 008 - FIXED-LENGTH DATA ELEMENTS--GENERAL INFORMATION |
| fixed length control field |
231116s2021 nyua j 000 1 eng |
| 020 ## - INTERNATIONAL STANDARD BOOK NUMBER |
| Cancelled/invalid ISBN |
9781545806968 |
| Qualifying information |
(paperback) : |
| Terms of availability |
£11.99 |
| 020 ## - INTERNATIONAL STANDARD BOOK NUMBER |
| International Standard Book Number |
9781545806951 |
| 020 ## - INTERNATIONAL STANDARD BOOK NUMBER |
| International Standard Book Number |
1545806950 |
| 040 ## - CATALOGING SOURCE |
| Language of cataloging |
eng |
| Description conventions |
rda |
| Transcribing agency |
IlBcCP |
| Modifying agency |
SKYRV |
| 082 04 - DEWEY DECIMAL CLASSIFICATION NUMBER |
| Classification number |
741.5 |
| Edition number |
23 |
| 092 ## - LOCALLY ASSIGNED DEWEY CALL NUMBER (OCLC) |
| Classification number |
junior graphic |
| Item number |
Whitley |
| 100 1# - MAIN ENTRY--PERSONAL NAME |
| Personal name |
Whitley, Jeremy, |
| Relator term |
author. |
| 9 (RLIN) |
6072655 |
| 245 10 - TITLE STATEMENT |
| Title |
Girls take flight / |
| Statement of responsibility, etc |
Jeremy Whitley. |
| 264 #1 - Production, Publication, Distribution, Manufacture, and Copyright Notice. |
| Place of production, publication, distribution, manufacture |
New York, NY : |
| Name of producer, publisher, distributor, manufacturer |
Papercutz, |
| Date of production, publication, distribution, manufacture, or copyr |
2021. |
| 300 ## - PHYSICAL DESCRIPTION |
| Extent |
1 volume (unpaged) pages : |
| Other physical details |
chiefly illustrations (color) ; |
| Dimensions |
25 cm. |
| 336 ## - Content Type |
| Content type term |
text |
| 337 ## - Media type |
| Media type term |
unmediated |
| 338 ## - Carrier type |
| Carrier type term |
volume |
| 490 1# - SERIES STATEMENT |
| Series statement |
The school for extraterrestrial girls, ; |
| Volume number/sequential designation |
2. |
| 520 ## - SUMMARY, ETC. |
| Summary, etc |
The extraterrestrial girls are back! With their former school compromised, exposing Tara, Misako, Summer, and Kat, to possible danger from unknown alien forces, they all must relocate to a new hidden school--The School for Extraterrestrial Boys! |
| 521 2# - TARGET AUDIENCE NOTE |
| Target audience note |
4567 |
| Source |
Childrens Plus, Incorporated. |
| 650 #0 - SUBJECT ADDED ENTRY--TOPICAL TERM |
| Topical term or geographic name as entry element |
Aliens |
| Form subdivision |
Comic books, strips, etc. |
| 9 (RLIN) |
5764221 |
| 650 #0 - SUBJECT ADDED ENTRY--TOPICAL TERM |
| Topical term or geographic name as entry element |
Flying |
| Form subdivision |
Comic books, strips, etc. |
| 9 (RLIN) |
6479857 |
| 650 #0 - SUBJECT ADDED ENTRY--TOPICAL TERM |
| Topical term or geographic name as entry element |
Girls |
| Form subdivision |
Comic books, strips, etc. |
| 9 (RLIN) |
5689271 |
| 650 #1 - SUBJECT ADDED ENTRY--TOPICAL TERM |
| Topical term or geographic name as entry element |
Aliens |
| Form subdivision |
Comic books, strips, etc. |
| 9 (RLIN) |
5764221 |
| 650 #1 - SUBJECT ADDED ENTRY--TOPICAL TERM |
| Topical term or geographic name as entry element |
Flying |
| Form subdivision |
Comic books, strips, etc. |
| 9 (RLIN) |
6479858 |
| 650 #1 - SUBJECT ADDED ENTRY--TOPICAL TERM |
| Topical term or geographic name as entry element |
Girls |
| Form subdivision |
Comic books, strips, etc. |
| 9 (RLIN) |
5689271 |
| 655 #0 - INDEX TERM--GENRE/FORM |
| Genre/form data or focus term |
Graphic novels. |
| 655 #7 - INDEX TERM--GENRE/FORM |
| Genre/form data or focus term |
Science fiction. |
| Source of term |
lcgft. |
| 655 #7 - INDEX TERM--GENRE/FORM |
| Genre/form data or focus term |
Science fiction comics. |
| Source of term |
lcgft. |
| 9 (RLIN) |
5695179 |
| 800 1# - SERIES ADDED ENTRY--PERSONAL NAME |
| Personal name |
Whitley, Jeremy. |
| Title of a work |
School for Extraterrestrial Girls ; |
| Volume/sequential designation |
2. |
| 9 (RLIN) |
6479859 |
| 942 ## - ADDED ENTRY ELEMENTS (KOHA) |
| Source of classification or shelving scheme |
Dewey Decimal Classification |
| Koha item type |
BOOK |